000 00627nam a2200217Ia 4500
003 OSt
005 20220928132652.0
006 a|||||r|||| 00| 0
007 ta
008 220927b |||||||| |||| 00| 0 eng d
024 _a34647
037 _cTextual
040 _aSDCL
_cSDCL
_beng
041 _2eng
_aeng
082 _aX9(F596):54.95'N9, N6.11
100 _aPearson M N Ed.
_9436842
245 0 _aSpices in the Indian ocean world.V11.
260 _aAldershot
_bVariorum Ashgate Publishing
_c1996
942 _hX9(F596):54.95'N9, N6.11
_cTEXL
_2CC
999 _c795390
_d795390